| 000 | 01656cam a2200253 4500 | ||
|---|---|---|---|
| 001 | WB3915-05 | ||
| 008 | 030415n2003 000 0 eng u | ||
| 035 | _a(Sirsi) u121992 | ||
| 245 | _aAbrupt downturn in retail occupier activity | ||
| 260 | _c2003 | ||
| 490 |
_aRICS Press Release _v(pr028) 15 April 2003 (2) |
||
| 520 | _a"RICS commercial property survey England and Wales - first quarter 2003" reports that retail occupier activity declined sharply in the first part of 2003 with new occupier enquiries flattening out, floorspace availability rising at the fastest rate in three and a half years and landlords having to offer greater incentive packages to secure tenants. Business property demand was depressed in this quarter by the Iraq factor - 16% of surveyors reported a drop. The office market remained the weakest sector with 42% of surveyors recording a fall in sales and lettings in Central London with a visible slowdown in other areas across the UK. The survey is available at http://www.rics.org/resources/economic_analysis/commercial_market_survey.html. http://www.rics.org/ricscms/bin/show?class=PressRelease&template=/includes/showpr.html&id=899&faculty=RICS | ||
| 590 | _aWB | ||
| 650 | _aOCCUPIER DEMAND | ||
| 650 | _aINCENTIVE DEALS | ||
| 650 | _aPROPERTY-COMMERCIAL PROPERTY-OFFICE PROPERTY-OFFICE PROPERTY MARKET | ||
| 650 | _aENGLAND | ||
| 650 | _aWALES | ||
| 650 | _aPROPERTY-COMMERCIAL PROPERTY-RETAIL PROPERTY-RETAIL PROPERTY MARKET | ||
| 650 | _aRICS COMMERCIAL MARKET SURVEY ENGLAND AND WALES | ||
| 650 | _aMARKET SURVEYS | ||
| 690 | _aPROPERTY-COMMERCIAL PROPERTY-COMMERCIAL PROPERTY MARKET | ||
| 942 | _n0 | ||
| 999 |
_c72496 _d72496 |
||